ბათუმის შოთა რუსთაველის სახელმწიფო უნივერსიტეტის ბიბლიოთეკა

საგზაო მშენებლობის ეკონომიკა / (ბიბ.ჩანაწერი № 39246)

000 -ლიდერი
ფიქსირებული სიგრძის საკონტროლო ველი 00906nam a2200217Ia 4500
001 - საკონტროლო ნომერი
საკონტროლო ველი 5832
003 - საკონტროლო ნომრის იდენტიფიკატორი
საკონტროლო ველი GE_BSU
005 - ბოლო ოპერაციის თარიღი და დრო
საკონტროლო ველი 20190504150307.0
008 - ფიქსირებული სიგრძის მონაცემთა ელემენტები - ზოგადი ინფორმაცია
ფიქსირებული სიგრძის საკონტროლო ველი 181216s1977||||ge |||||||||||||| ||geo||
040 ## - კატალოგიზაციის წყარო
Transcribing agency GE_BSU
041 ## - ენის კოდი
Language code of text/sound track or separate title geo
080 ## - უნივერსალური ათობითი კლასიფიკაციის ინდექსი
Universal Decimal Classification number 625.7.003.1 + 33(075) ტ-92
100 ## - მთავარი ჩანაწერი - პიროვნების სახელი
Personal name ტურაშვილი, ა.
9 (RLIN) 706
245 ## - ცნობა სათაურის შესახებ
Title საგზაო მშენებლობის ეკონომიკა /
Statement of responsibility, etc ა. ტურაშვილი ; რედ.ც. კვინტრაძე.
264 ## - წარმოების, გამოცემის, დისტრიბუციის და სხვა ცნობები
გამოცემის, წარმოების, დისტრიბუციის... ადგილი თბილისი :
გამოცემის, წარმოების, დისტრიბუციის... სახელწოდება განათლება,
გამოცემის, წარმოების, დისტრიბუციის... თარიღი 1977.
300 ## - ფიზიკური აღწერა
Extent 326 გვ. :
Other physical details ნახაზები ;
Dimensions 22 გვ.
504 ## - BIBLIOGRAPHY, ETC. NOTE
Bibliography, etc ბიბლიოგრ. : გვ. 325.
653 ## - INDEX TERM--UNCONTROLLED
Uncontrolled term საგზაო მშენებლობის ეკონომიკა
700 ## - ADDED ENTRY--PERSONAL NAME
Personal name ც. კვინტრაძე
Relator term რედაქტორი
9 (RLIN) 707
942 ## - ADDED ENTRY ELEMENTS (KOHA)
Koha item type წიგნი
Source of classification or shelving scheme
ეგზემპლარები
ჩამოწერის სტატუსი დაკარგული ეგზემპლარის სტატუსი კლასიფიკაციის წყარო ან თაროზე გაწყობის სქემა დაზიანების სტატუსი არ გაიცემა მუდმივი მდებარეობა (დაცვის ადგილი) ამჟამინდელი ადგილსამყოფელი თაროზე განთავსების ადგილი შეძენის თარიღი ღირებულება, შესყიდვის ნორმალური ფასი სრული შენახვის შიფრი შტრიხკოდი ბოლო ოპერაციის თარიღი ეგზემპლარის მიმდევრობითი ნომერი (კეტერი?) ფასის ძალაში შესვლის თარიღი ეგზემპლარის სახეობა საჯარო შენიშვნა
          ტექნოლოგიური ფაკულტეტის ბიბლიოთეკა ტექნოლოგიური ფაკულტეტის ბიბლიოთეკა წიგნსაცავი 2018-12-17 1.70 625.7.003.1 + 33(075) ტ-92 11658 2018-12-17 11658 2018-12-17 წიგნი 1.70 ლ.
          ტექნოლოგიური ფაკულტეტის ბიბლიოთეკა ტექნოლოგიური ფაკულტეტის ბიბლიოთეკა წიგნსაცავი 2018-12-17 1.70 625.7.003.1 + 33(075) ტ-92 11659 2018-12-17 11659 2018-12-17 წიგნი 1.70 ლ.
          ტექნოლოგიური ფაკულტეტის ბიბლიოთეკა ტექნოლოგიური ფაკულტეტის ბიბლიოთეკა წიგნსაცავი 2018-12-17 1.70 625.7.003.1 + 33(075) ტ-92 11660 2018-12-17 11660 2018-12-17 წიგნი 1.70 ლ.
          ტექნოლოგიური ფაკულტეტის ბიბლიოთეკა ტექნოლოგიური ფაკულტეტის ბიბლიოთეკა წიგნსაცავი 2018-12-17 1.70 625.7.003.1 + 33(075) ტ-92 11661 2018-12-17 116661 2018-12-17 წიგნი 1.70 ლ.
          ტექნოლოგიური ფაკულტეტის ბიბლიოთეკა ტექნოლოგიური ფაკულტეტის ბიბლიოთეკა წიგნსაცავი 2018-12-17 1.70 625.7.003.1 + 33(075) ტ-92 11662 2018-12-17 11662 2018-12-17 წიგნი 1.70 ლ.